00445cam a22001692 4500001001100000005001700011008004100028020001700069040001500086050002200101100003400123245002800157250001200185260003500197300001700232650002600249000000589020151217152007.0070809s xx 000 0 eng d a1428610979 : aKABUcKABU 0aBV2060b.B75 18301 aBridges, Charles.@000015716414aThe Christian ministry. a3rd ed. aLondon :bR. B. Seeley,c1830. axiii, 672 p. 0aMissions.@0000149612